Core concepts in mathematics : (Record no. 25861)
[ view plain ]
| 000 -LEADER | |
|---|---|
| fixed length control field | 00977nam a2200217 i 4500 |
| 003 - CONTROL NUMBER IDENTIFIER | |
| control field | CSPC |
| 005 - DATE AND TIME OF LATEST TRANSACTION | |
| control field | 20230814130551.0 |
| 008 - FIXED-LENGTH DATA ELEMENTS--GENERAL INFORMATION | |
| fixed length control field | 230808s2019 nyua b 001 0 eng d |
| 020 ## - INTERNATIONAL STANDARD BOOK NUMBER | |
| International Standard Book Number | 9781984620514 |
| 040 ## - CATALOGING SOURCE | |
| Transcribing agency | CSPC |
| 082 #4 - DEWEY DECIMAL CLASSIFICATION NUMBER | |
| Classification number | 515 |
| Item number | C812 |
| 245 00 - TITLE STATEMENT | |
| Title | Core concepts in mathematics : |
| Remainder of title | calculus. |
| 264 #1 - PRODUCTION, PUBLICATION, DISTRIBUTION, MANUFACTURE, AND COPYRIGHT NOTICE | |
| Place of production, publication, distribution, manufacture | New York, NY : |
| Name of producer, publisher, distributor, manufacturer | 3G E-Leaning, |
| Date of production, publication, distribution, manufacture, or copyright notice | 2019. |
| 300 ## - PHYSICAL DESCRIPTION | |
| Extent | vii, 232 pages : |
| Other physical details | illustrations (some color) ; |
| Dimensions | 23 cm. + |
| Accompanying material | 1 CD-ROM (4 3/4 in.) |
| 504 ## - BIBLIOGRAPHY, ETC. NOTE | |
| Bibliography, etc. note | Includes bibliographical references and index. |
| 505 0# - FORMATTED CONTENTS NOTE | |
| Formatted contents note | Infinite sequences and series -- Curve sketching -- Indeterminate forms and improper integral -- Differential calculus of several variables -- Situational problems involving related rates -- Circular functions -- Conic sections and systems. |
| 650 #4 - SUBJECT ADDED ENTRY--TOPICAL TERM | |
| Topical term or geographic name entry element | Calculus. |
| 710 ## - ADDED ENTRY--CORPORATE NAME | |
| Corporate name or jurisdiction name as entry element | 3G E-Learning |
| 942 ## - ADDED ENTRY ELEMENTS (KOHA) | |
| Source of classification or shelving scheme | Dewey Decimal Classification |
| Koha item type | Books |
| Suppress in OPAC | No |
| Classification part | 515 |
| Call number prefix | CIR |
| Call number suffix | 2019 |
| Withdrawn status | Lost status | Source of classification or shelving scheme | Damaged status | Not for loan | Home library | Current library | Shelving location | Date acquired | Total Checkouts | Full call number | Barcode | Date last seen | Date last checked out | Copy number | Price effective from | Koha item type |
|---|---|---|---|---|---|---|---|---|---|---|---|---|---|---|---|---|
| Dewey Decimal Classification | Main Library | Main Library | Circulation Section | 08/08/2023 | 2 | CIR 515 C812 2019 | 025620 | 09/04/2025 | 08/13/2025 | 1-2 | 08/08/2023 | Books | ||||
| Dewey Decimal Classification | Main Library | Main Library | Circulation Section | 08/08/2023 | 1 | CIR 515 C812 2019 | 025621 | 08/18/2025 | 03/08/2024 | 2-2 | 08/08/2023 | Books |